Catholic University of Zimbabwe Library
Online Public Access Catalogue
(OPAC)

Tourism education (Record no. 30633)

MARC details
000 -LEADER
fixed length control field 03107nam a2200385Ia 4500
001 - CONTROL NUMBER
control field bslw09371638
003 - CONTROL NUMBER IDENTIFIER
control field UtOrBLW
005 - DATE AND TIME OF LATEST TRANSACTION
control field 20210303085043.0
006 - FIXED-LENGTH DATA ELEMENTS--ADDITIONAL MATERIAL CHARACTERISTICS
fixed length control field m o d
007 - PHYSICAL DESCRIPTION FIXED FIELD--GENERAL INFORMATION
fixed length control field cr un|||||||||
008 - FIXED-LENGTH DATA ELEMENTS--GENERAL INFORMATION
fixed length control field 151016s2015 enka ob 000 0 eng d
020 ## - INTERNATIONAL STANDARD BOOK NUMBER
International Standard Book Number 9781783509980 (electronic bk.) :
Terms of availability Đ87.95 : <U+20ac>121.95 : $154.95
040 ## - CATALOGING SOURCE
Original cataloging agency UtOrBLW
050 #4 - LIBRARY OF CONGRESS CALL NUMBER
Classification number G155.7
Item number .T68 2015
072 #7 - SUBJECT CATEGORY CODE
Subject category code KNSG
Source bicssc
072 #7 - SUBJECT CATEGORY CODE
Subject category code BUS081000
Source bisacsh
080 ## - UNIVERSAL DECIMAL CLASSIFICATION NUMBER
Universal Decimal Classification number 910
082 04 - DEWEY DECIMAL CLASSIFICATION NUMBER
Classification number 338.4791
Edition number 23
245 00 - TITLE STATEMENT
Title Tourism education
Medium [electronic resource] :
Remainder of title global issues and trends /
Statement of responsibility, etc. edited by Pauline J. Sheldon, Cathy H.C. Hsu.
260 ## - PUBLICATION, DISTRIBUTION, ETC.
Place of publication, distribution, etc. Bingley, U.K. :
Name of publisher, distributor, etc. Emerald,
Date of publication, distribution, etc. 2015.
300 ## - PHYSICAL DESCRIPTION
Extent 1 online resource (215 p.) :
Other physical details ill.
490 1# - SERIES STATEMENT
Series statement Tourism social science series,
International Standard Serial Number 1571-5043 ;
Volume/sequential designation v. 21
504 ## - BIBLIOGRAPHY, ETC. NOTE
Bibliography, etc. note Includes bibliographical references.
505 0# - FORMATTED CONTENTS NOTE
Formatted contents note Tourism education scholarship / Cathy H.C. Hsu -- Studying tourism : Where's the humanity in it? / Kellee Caton -- Values in tourism : the case of EMTM / Tanja Mihalic<U+030c>, Janne J. Liburd, Jaume Guia -- Tourism PhD studies : a Swedish experience-based perspective / Matthias Fuchs, Peter Fredman, Dimitri Ioannides -- Rethinking Caribbean tourism education / Acolla Lewis-Cameron -- Experiential learning in tourism education : the case of ITHAS / Nevenka Cavlek -- Including augmented reality in tourism education programs / Elena Marchiori, Lorenzo Cantoni -- Inquiry learning in tourism Haaga-Helia Porvoo campus / Jarmo Ritalahti -- Developing student engagement in China through collaborative action research / Michael O'Regan, Jaeyeon Choe -- Conclusion and the way forward / Pauline J. Sheldon.
520 ## - SUMMARY, ETC.
Summary, etc. This book explores the changing landscape of tourism education in the global context. It examines and seeks to provide answers to three main questions: What knowledge and skills should tourism students be exposed to? How should tourism education programs at all levels be designed to create responsible leaders for the future of tourism? What is the employability and range of careers students can expect after graduation? The book will also delve into the issues related to curriculum design and pedagogical innovation in some detail including technological innovation. It will explore new possibilities in alternative disciplinary approaches to the study of tourism, theoretical concepts in tourism education, cross-disciplinarity, multi-disciplinarity, inter-disciplinarity and trans-disciplinarity. The challenges of institutional rigidity in different national contexts will be explored as well as tourism education in the developing world.
588 0# - SOURCE OF DESCRIPTION NOTE
Source of description note Print version record
650 #7 - SUBJECT ADDED ENTRY--TOPICAL TERM
Topical term or geographic name entry element Business & Economics
General subdivision Industries
-- Hospitality, Travel & Tourism.
Source of heading or term bisacsh
650 #7 - SUBJECT ADDED ENTRY--TOPICAL TERM
Topical term or geographic name entry element Tourism industry.
Source of heading or term bicssc
650 #0 - SUBJECT ADDED ENTRY--TOPICAL TERM
Topical term or geographic name entry element Tourism
General subdivision Study and teaching (Higher)
700 1# - ADDED ENTRY--PERSONAL NAME
Personal name Sheldon, Pauline J.
700 1# - ADDED ENTRY--PERSONAL NAME
Personal name Hsu, Cathy H. C.
776 1# - ADDITIONAL PHYSICAL FORM ENTRY
International Standard Book Number 9781783509973
830 #0 - SERIES ADDED ENTRY--UNIFORM TITLE
Uniform title Tourism social science series ;
Volume/sequential designation v. 21.
856 40 - ELECTRONIC LOCATION AND ACCESS
Uniform Resource Identifier <a href="https://www.emerald.com/insight/publication/doi/10.1108/S1571-5043201521">https://www.emerald.com/insight/publication/doi/10.1108/S1571-5043201521</a>
Holdings
Withdrawn status Lost status Source of classification or shelving scheme Damaged status Not for loan Home library Current library Shelving location Date acquired Total Checkouts Full call number Date last seen Uniform Resource Identifier Price effective from Koha item type
          Digital Library Digital Library Online Access 03.03.2021   G155.7 .T68 2015 03.03.2021 https://www.emerald.com/insight/publication/doi/10.1108/S1571-5043201521 03.03.2021 eBook

OPENING HOURS

Weekdays: 0815hrs - 1800hrs
Weekends:0900hrs - 1200hrs

Closed for Mass:

Mon, Thur: 1200hrs - 1300hrs
Sunday & Public Holiday’s

CALL SUPPORT

0242-570570, 0242-570169
09200664, +263 8644140602

LOCATION

18443, Cranborne Avenue, Hatfield, Harare

Other Links


©2021 | CUZ Library